Player Names in Abbott & Costello's "Who's on First?" - Sudden Death - Statistics

General Stats
  • This quiz has been taken 63 times
  • The average score is 5 of 8
Answers on the Grid
Answers color-coded by a green-red scale on the quiz's grid according to % correct below.
All
Any
Because
How
I Don't Give a Darn
I Don't Know
Later
Neither
Now
Today
Tomorrow
What
When
Where
Which
Who
Why
Yesterday
 
Answer Stats
Answer % Correct
First Base Who
84%
Third Base I Don't Know
72%
Second Base What
72%
Shortstop I Don't Give a Darn
60%
Pitcher Tomorrow
52%
Center Field Because
48%
Catcher Today
44%
Left Field Why
36%
No matching quizzes found
Score Distribution
Percent of People with Each Score
Percentile by Number Answered
Your Score History
You have not taken this quiz